000 00343nam a2200133 i 4500
001 bg
245 0 _aBiofizika.
_nT. 2,
_pMolekularnye mechanizmy biosinteza belkov /
_cpod red. V. A. Engelgardta.
260 _aMoskva,
_c1972.
040 _cBPK
041 _apol
080 _a577.3
942 _cKS
008 s pl f |000 0 pol
999 _c15206
_d15206
856 _uhttp://koha.tu.koszalin.pl/cgi-bin/koha/opac-detail.pl?biblionumber=15206
_yKatalog online BPK